Văn bản pháp luật về hải quan : (1996 - 1997)

محفوظ في:
التفاصيل البيبلوغرافية
التنسيق: كتاب
اللغة:Undetermined
منشور في: Hà Nội Tài chính 1997
الموضوعات:
الوسوم: إضافة وسم
لا توجد وسوم, كن أول من يضع وسما على هذه التسجيلة!
Thư viện lưu trữ: Trung tâm Học liệu Trường Đại học Cần Thơ
LEADER 00581nam a2200205Ia 4500
001 CTU_39758
008 210402s9999 xx 000 0 und d
020 |c 97000 
082 |a 343.056 
082 |b V115 
245 0 |a Văn bản pháp luật về hải quan : 
245 0 |b (1996 - 1997) 
260 |a Hà Nội 
260 |b Tài chính 
260 |c 1997 
650 |a Tariff,Tariff 
650 |x Law and legislation 
650 |z Vietnam,Vietnam 
904 |i Nguyễn Quang Điền, Giang sửa 
980 |a Trung tâm Học liệu Trường Đại học Cần Thơ